Informačná bezpečnosť z hľadiska cieľov vzdelávania
Pojmy z informačnej bezpečnosti a vzťahy medzi nimi. Ciele a požiadavky zabezpečenia informačného systému. Pojem zraniteľné miesto. Cieľ vzdelávacieho procesu - naučiť študentov rozlíšiť pasívne a aktívne hrozby.
Gespeichert in:
| 1. Verfasser: | |
|---|---|
| Format: | Buchkapitel |
| Sprache: | Slowakisch |
| Schlagworte: | |
| Tags: |
Keine Tags, Fügen Sie das erste Tag hinzu!
|
MARC
| LEADER | 00000nla$a2200000$$$4500 | ||
|---|---|---|---|
| 001 | 0088348 | ||
| 005 | 20240502083229.5 | ||
| 041 | 0 | |a slo | |
| 044 | |a CZ | ||
| 245 | 1 | 0 | |a Informačná bezpečnosť z hľadiska cieľov vzdelávania |c Benita Juriková |
| 520 | |a Pojmy z informačnej bezpečnosti a vzťahy medzi nimi. Ciele a požiadavky zabezpečenia informačného systému. Pojem zraniteľné miesto. Cieľ vzdelávacieho procesu - naučiť študentov rozlíšiť pasívne a aktívne hrozby. | ||
| 610 | 2 | 0 | |a bezpečnosť informačná |
| 610 | 2 | 0 | |a informácie |
| 610 | 2 | 0 | |a technológie informačné |
| 610 | 2 | 0 | |a technológie komunikačné |
| 610 | 2 | 0 | |a vzdelávanie |
| 610 | 2 | 0 | |a riziko |
| 100 | 1 | |a Juriková, Benita, 1973- | |